000 00931cam a2200229 a 4500
001 000012107
005 20200929162710.0
008 030113s2002 ck a b 001 0 spa c
020 _a9583333328
040 _aDO-SdBNP
_bspa
_cNYP
_dBNPHU
_dDLC
082 _a370.986
_bV127m
100 1 _aVahos Vega, Luis Arturo,
_d1944-
_928606
245 1 0 _aMujer y educación en la Nueva Granada /
_cLuis Arturo Vahos Vega ; prólogo, Marlene Sánchez Moncada.
260 _aBogotá, (Colombia) :
_bComunicación Creativa Ramírez,
_c2002.
300 _a194 p. :
_bil. ;
_c22 cm.
504 _aIncluye referencias bibliográficas (p. [187] -194) y notas al pie de las páginas.
650 4 _aMujeres
_xEducación
_zColombia
_xHistoria
_ySIGLO XVIII
_928607
650 4 _aMujeres
_xEducación
_zColombia
_xHistoria
_ySIGLO XIX
_928608
700 1 _aSánchez Moncada, Marlene,
_epról.
_928609
910 _aCatalogación por copia / LC
049 _aBNGR
999 _c11772
_d11772